|
|
|
|
| LEADER |
00000nab a2200000 a 4500 |
| 001 |
vtls000292535 |
| 003 |
SK-MaSNL |
| 005 |
20260303190438.0 |
| 008 |
150118c1987 xo 0 slo |
| 015 |
|
|
|a SNBRB19rr/mm-uuuuu
|
| 035 |
|
|
|a CL0302654
|
| 040 |
|
|
|a SNKBUCL
|b slo
|c SNKBUCL
|e AACR2
|
| 041 |
0 |
|
|a slo
|
| 044 |
|
|
|a xo
|c SK
|
| 080 |
|
|
|a 639.1
|2 1981
|
| 080 |
|
|
|a 631
|2 1981
|
| 080 |
|
|
|a 591.5
|2 1981
|
| 100 |
1 |
|
|a Garaj, Peter
|4 aut
|9 312121
|
| 245 |
1 |
0 |
|a M. Bouchner: Poznáme ich podľa stôp
|c Peter Garaj ; M. Bouchner
|
| 650 |
0 |
7 |
|a poľovníctvo
|2 snkbucl
|9 2774
|
| 650 |
0 |
7 |
|a lesnícka zoológia
|2 snkbucl
|9 104780
|
| 655 |
|
7 |
|a články z novín a časopisov
|2 snkbucl
|9 267496
|
| 700 |
1 |
|
|a Bouchner, M.
|4 aut
|9 450908
|
| 773 |
0 |
|
|t Pamiatky príroda
|g Roč. 18, č. 3 (1987), s. 4 na kuléri
|
| 787 |
0 |
8 |
|i Rec.:
|a Bouchner, M.
|t Poznáme ich podľa stôp
|d Praha : ARTIA, 1986
|
| 850 |
|
|
|a Slovenská národná knižnica v Martine
|a MTA001
|
| 852 |
|
|
|a SNK
|b KIS3GCP
|
| 958 |
|
|
|a RK
|
| 992 |
|
|
|a RBX
|
| 999 |
|
|
|c 2136271
|d 2138201
|